Statistics for Tennis Player To Country - Hard Version

Click here to take the quiz!

General Stats

  • This quiz has been taken 45 times
    (14 since last reset)
  • The average score is 15 of 20

Answer Stats

Tennis PlayerCountry% Correct
Sumit NagalIndia
100%
Jurij RodionovAustria
92%
Luckáš KleinSlovakia
92%
Denis KudlaUnited States
92%
Hugo DellienBolivia
83%
Alexander Alexandrovich ShevchenkoRussia
83%
Jan ChoinskiUnited Kingdom
83%
Nicolás KickerArgentina
75%
Maximilian MartererGermany
75%
Zsombor PirosHungary
75%
Abdullah ShelbayhJordan
75%
Gijs BrouwerNetherlands
75%
Dominic StrickerSwitzerland
75%
Marc PolmansAustralia
67%
Zdenêk KolárCzech Republic
67%
Otto VirtanenFinland
67%
Timofey SkatovKazakhstan
67%
Radu AlbotMoldova
67%
Mark LajalEstonia
50%
Franco AgamenoneItaly
42%

Score Distribution

Percentile by Number Answered

Percent of People with Each Score

Your Score History

You have not taken this quiz since the last reset